Plus longs fleuves des Etats-Unis - Statistiques

Statistiques générales
  • Ce quiz a été pris 17 fois
  • Le résultat moyen est 4 sur 10
Statistiques - réponses
Hint Réponse % Correct
3 766 Mississippi
94%
1 387 Colorado
81%
2 334* (Rio) Colorado
81%
3 060* Rio Grande
63%
1 197* Saint-Laurent
31%
3 185* Yukon
13%
2 060 Brazos
6%
1 954* Columbia
6%
1 140 Trinity
6%
1 110 Kuskokwim
0%
Aucun quiz correspondant
Distribution des résultats
% des personnes avec chaque résultat
Percentile par nombre de réponses
Votre historique - résultats
Vous n’avez pas pris ce quiz